| Record ID | ia:akajones00jone |
| Source | Internet Archive |
| Download MARC XML | https://archive.org/download/akajones00jone/akajones00jone_marc.xml |
| Download MARC binary | https://www.archive.org/download/akajones00jone/akajones00jone_meta.mrc |
LEADER: 00612cam 2200205Ia 4500
001 ocm10659168
003 OCoLC
005 20100816164104.0
008 840424t19831981nyub 000 1 eng d
040 $aRCL$cRCL$dOCLCQ$dBTCTA$dOCLCG
020 $a0380641968 (pbk.) :$c$3.50
020 $a9780380641963 (pbk.)
035 $a(OCoLC)10659168
100 1 $aJones, Tristan,$d1924-
245 10 $aAka /$cTristan Jones.
260 $aNew York :$bAvon,$c[1983], c1981.
300 $axiii, 205 p. :$bmap ;$c18 cm.
938 $aBaker and Taylor$bBTCP$nbl 99934693
994 $aZ0$bPMR
948 $hNO HOLDINGS IN PMR - 9 OTHER HOLDINGS